Statistics for Premier League Clean Sheets

Click here to take the quiz!

General Stats

  • This quiz has been taken 9 times
  • The average score is 12 of 20

Answer Stats

Primary ClubAnswerAssists% Correct
Manchester UnitedDavid De Gea144*
100%
ChelseaPetr Cech202
100%
ArsenalDavid Seaman141
88%
Manchester UnitedPeter Schmeichel128
88%
Manchester UnitedEdwin Van Der Sar132
75%
TottenhamHugo Lloris127
75%
Manchester CityJoe Hart127
75%
LiverpoolPepe Reina136
75%
EvertonTim Howard132
75%
Manchester CityEderson101
63%
NewcastleShay Given113
63%
LiverpoolDavid James169
50%
MiddlesbroughMark Schwarzer151
50%
West BromBen Foster92
38%
Crystal PalaceNigel Martyn137
38%
Blackburn RoversBrad Friedel132
25%
Bolton WanderersJussi Jääskeläinen108
25%
West HamLukasz Fabianski87
25%
Blackburn RoversPaul Robinson86
25%
SunderlandTomas Sorensen107
13%

Score Distribution

Percentile by Number Answered

Percent of People with Each Score

Your Score History

You have not taken this quiz